| 000 | 00447nam a2200169Ia 4500 | ||
|---|---|---|---|
| 008 | 230711s9999||||xx |||||||||||||| ||und|| | ||
| 020 | _a978-81-8371-360-3 | ||
| 041 | _aENG | ||
| 082 |
_a621.317 _bAN-C |
||
| 100 | _aAnandanatarajan,R | ||
| 245 | 0 | _aControl system engineering | |
| 250 | _a3rd Ed. | ||
| 260 |
_c2011 _aHyderbad _bScitech Publications (India)Pvt.Ltd |
||
| 650 | _aElectrical Engineering | ||
| 700 | _aBabu,P.Ramesh | ||
| 942 | _cBK | ||
| 999 |
_c5176 _d5176 |
||